000 00982nam a2200265Ia 4500
003 OSt
005 20221005103650.0
006 a|||||r|||| 00| 0
007 ta
008 221004b |||||||| |||| 00| 0 hin d
020 _a9788179755525 (hbk)
_cIndian Rupees 600.00
024 _a27659
037 _bGift, 02/09/2016,
_cTextual
040 _aCRL
_cCRL
_bhin
041 _2hin
_ahin
082 _aO152,3:g, Q4
100 _aशर्मा, हर्षबाला
245 0 _aहिन्दी कहानी और हंस
246 _aHindī kahānī aur hansa
260 _aदिल्ली
_bअनामिका पब्लिशर्स एंड डिस्ट्रीब्यूटर्स भारत
_c2014
300 _a263पृ0
_ccm.
650 _aहिन्दी साहित्य
942 _hO152,3:g, Q4
_cTEXL
_2cc
999 _c1010557
_d1010557